云南省地图点选 Yunnan Click Map - Statistics

General Stats
  • This quiz has been taken 22 times
  • The average score is 16 of 16
Answers on the Map
Answers color-coded by a green-red scale on the quiz's map according to % correct below.
 
Answer Stats
Answer % Correct
昆明市
100%
曲靖市
100%
玉溪市
100%
昭通市
100%
普洱市
100%
临沧市
100%
楚雄彝族自治州
100%
文山壮族苗族自治州
100%
西双版纳傣族自治州
100%
德宏傣族景颇族自治州
100%
丽江市
93%
红河哈尼族彝族自治州
93%
大理白族自治州
93%
怒江傈僳族自治州
93%
迪庆藏族自治州
93%
保山市
87%
No matching quizzes found
Score Distribution
Percent of People with Each Score
Percentile by Number Answered
Your Score History
You have not taken this quiz